000 00457nam a2200181Ia 4500
005 20250603145339.0
008 250603s9999 xx 000 0 und d
020 _a9788126518371
050 _aTJ 163.12 .R36/
100 _aRamachandran, K. P.
245 0 _aMechatronics: integrated mechanical electronic system
260 _aNew Delhi
260 _bWiley India Pvt. Ltd.
260 _c2008
300 _a830 p
650 _aNew Delhi
942 _cBK
999 _c41595
_d41595